| 000 | 01150nam a22003257a 4500 | ||
|---|---|---|---|
| 003 | EG-ScBUE | ||
| 005 | 20220619140516.0 | ||
| 008 | 110627s2008 enka f 000 1 eng d | ||
| 020 | _a1405882247 | ||
| 020 | _a9781405882248 | ||
| 040 |
_aEG-ScBUE _beng _erda _cEG-ScBUE _dEG-ScBUE |
||
| 082 | 0 | 4 |
_222 _a428.6 _bJAM |
| 100 | 1 |
_925960 _aJames, M. R. _q(Montague Rhodes) _d1862-1936, _eauthor. |
|
| 245 | 1 | 4 |
_aThe locked room and other horror stories / _cM. R. James ; retold by Louise Greenwood and Carolyn Jones. |
| 264 | 1 |
_aHarlow, England : _bPearson Education Limited, _c2008. |
|
| 300 |
_aviii, 62 pages : _billustrations ; _c20 cm. |
||
| 336 |
_2rdacontent _atext _btxt |
||
| 337 |
_2rdamedia _aunmediated _bn |
||
| 338 |
_2rdacarrier _avolume _bnc |
||
| 490 | 0 |
_aPenguin readers ; _vlevel 4 |
|
| 521 | _aB1: Intermediate | ||
| 650 | 7 |
_924032 _aHigh interest-low vocabulary books. _2BUEsh |
|
| 650 | 7 |
_aReaders (Primary) _2BUEsh |
|
| 651 | _2BUEsh | ||
| 653 |
_cJune2011 _bHHUUEENN |
||
| 655 |
_vReading book _934232 |
||
| 700 | 1 |
_924055 _aGreenwood, Louis, _econtributor. |
|
| 700 | 1 |
_925961 _aJones, Carolyn, _econtributor. |
|
| 942 |
_2ddc _cBB |
||
| 999 |
_c15656 _d15656 |
||